| 000 | 00975nam a2200241 a 4500 | ||
|---|---|---|---|
| 001 | 000047164 | ||
| 005 | 20201002053418.0 | ||
| 008 | 180418s2017 dr ac 000 0 spa d | ||
| 020 | _a9789945124361 (v. 1) | ||
| 020 | _a9789945124446 (v. 2) | ||
| 020 | _a9789945124477 (v. 3) | ||
| 040 |
_aDO-SdBNP _bspa _cBNPHU |
||
| 082 |
_axxx _bxxx |
||
| 100 | 1 |
_aMartínez, Ciana _974940 |
|
| 245 | 1 | 0 |
_aFrancais 1 : _bniveau secondaire / _cCiana Martínez. |
| 260 |
_aSanto Domingo, : _bsusaeta, _c2017. |
||
| 300 |
_a3 v. : _bil., retrs. ; _c30 cm. |
||
| 500 | _aIncluye libro del alumno, cuaderno de actividades y guía didáctica y solucionario. | ||
| 505 | 0 |
_tOn se présente -- _tMode de vie actuel -- _tLa ville de Monrê -- _tL´école de nos jours -- _tÊtre en communication avec... -- _tsports, récreation et loisir -- _tFaire connaissance / |
|
| 500 | _aLibro de educación secundaria. | ||
| 500 | _aNuevo programa = Nouveau programme. | ||
| 590 | _aInventariado, 2018/ YL | ||
| 999 |
_c46652 _d46652 |
||